Southville International School and Colleges
Your cart is empty.
  • Cart
  • Lists
    Public lists Eva Luna New books Lux_list list_1
    Your lists Log in to create your own lists
  • Log in to your account
  • Your cookies
  • Search history
Southville International School and Colleges
  • Advanced search
  • Recent comments
  • Most popular
  • Libraries

Log in to your account

Log in with GOOGLE


If you do not have an external account, but do have a local account, you can still log in:

  1. Home
  2. MARC view: Tsunamis /
Normal view MARC view ISBD view

Tsunamis / (Record no. 288251)

[ view plain ]
MARC details
000 -LEADER
fixed length control field 00566nam a2200169Ia 4500
008 - FIXED-LENGTH DATA ELEMENTS--GENERAL INFORMATION
fixed length control field 150610s9999 xx 000 0 und d
020 ## - INTERNATIONAL STANDARD BOOK NUMBER
International Standard Book Number 9780792253808
050 ## - LIBRARY OF CONGRESS CALL NUMBER
Classification number GC221.2
Item number .F73 2008
100 ## - MAIN ENTRY--PERSONAL NAME
Personal name Fradin, Judith Bloom
245 ## - TITLE STATEMENT
Title Tsunamis /
Statement of responsibility, etc Judy & Dennis Fradin.
260 ## - PUBLICATION, DISTRIBUTION, ETC. (IMPRINT)
Place of publication, distribution, etc Washington, D.C. :
Name of publisher, distributor, etc National Geographic Society,
Date of publication, distribution, etc 2008.
300 ## - PHYSICAL DESCRIPTION
Extent 48pages :
Other physical details ill. (some col.), col. maps ;
Dimensions 27 cm.
440 ## - SERIES STATEMENT/ADDED ENTRY--TITLE
Title Witness to disaster
504 ## - BIBLIOGRAPHY, ETC. NOTE
Bibliography, etc Includes bibliographical references and index.
520 ## - SUMMARY, ETC.
Summary, etc Juvenile literature.
650 ## - SUBJECT ADDED ENTRY--TOPICAL TERM
General subdivision Tsunamis.
Holdings
Withdrawn status Lost status Damaged status Home library Current library Shelving location Date acquired Total Checkouts Full call number Barcode Date last seen Price effective from Koha item type
      Stonyhurst Southville International School (Batangas) Stonyhurst Southville International School (Batangas) High School Section 06/10/2015   GC221.2.F73 2008 US-1582 06/10/2015 06/10/2015 Books

Tsunamis /

APA

Fradin J. B., . (2008). Tsunamis. Washington, D.C: National Geographic Society.

Chicago

Fradin Judith Bloom, . 2008. Tsunamis. Washington, D.C: National Geographic Society.

Harvard

Fradin J. B., . (2008). Tsunamis. Washington, D.C: National Geographic Society.

MLA

Fradin Judith Bloom, . Tsunamis. Washington, D.C: National Geographic Society. 2008.

  • Place hold
  • Print
  • Cite
  • Add to your cart (remove)
  • Save record
    BIBTEX Dublin Core MARCXML MARC (non-Unicode/MARC-8) MARC (Unicode/UTF-8) MARC (Unicode/UTF-8, Standard) MODS (XML) RIS
  • More searches
    Search for this title in:
    Other Libraries (WorldCat) Other Databases (Google Scholar) Online Stores (Bookfinder.com) Open Library (openlibrary.org)

Exporting to Dublin Core...

SOUTHVILLE LIBRARY

Southville International School and Colleges Library

1281 Tropical Ave. Cor. Luxembourg St., BF Homes International, Las Pinas City

Tel. No. 8256374 / 252358 Loc. 117/146

Powered by Koha